[Event "Interclubs Adultes"]
[Site "?"]
[Date "2004.03.14"]
[Round "6.8"]
[White "Duhem, Michel"]
[Black "Cromer, Jean-Claude"]
[Result "0-1"]
[WhiteElo "1620"]
[BlackElo "1499"]
[PlyCount "66"]
[EventDate "2004.??.??"]

1. e4 e5 2. Nf3 Nc6 3. Bb5 d6 4. c3 Bd7 5. d4 a6 6. Ba4 b5 7. Bc2 Nf6 8. d5 Ne7
9. O-O c6 10. Re1 cxd5 11. Bg5 Nxe4 12. Bxe7 Bxe7 13. Qxd5 Nf6 14. Qd1 Bg4 15.
Nbd2 O-O 16. Ne4 d5 17. Nxf6+ Bxf6 18. h3 Bh5 19. g4 e4 20. Nd4 Bg6 21. Re3 Be5
22. Nc6 Qd6 23. Nxe5 Qxe5 24. Qf1 Qf4 25. Rd1 h5 26. Rg3 Qe5 27. Re1 Qd6 28.
Qg2 h4 29. Rge3 f5 30. gxf5 Rxf5 31. Kh1 Rf6 32. R3e2 Bh5 33. Rg1 Bf3 0-1

[Event "Interclubs Adultes"]
[Site "?"]
[Date "2004.04.04"]
[Round "7.1"]
[White "Nodon, Jeremi"]
[Black "Gabriel, Damien"]
[Result "0-1"]
[WhiteElo "1960"]
[BlackElo "2112"]
[PlyCount "116"]
[EventDate "2004.??.??"]

1. d4 d5 2. c4 Nc6 3. cxd5 Qxd5 4. Nf3 e5 5. Nc3 Bb4 6. dxe5 Bxc3+ 7. bxc3
Qxd1+ 8. Kxd1 Bg4 9. Bf4 Nge7 10. Kc2 Ng6 11. Bg3 O-O-O 12. Ng5 Ncxe5 13. h3
Bd7 14. e4 Bc6 15. Re1 Rhe8 16. f4 f6 17. Nf3 Nxf3 18. gxf3 f5 19. Bd3 Ba4+ 20.
Kd2 Bb5 21. Re3 fxe4 22. fxe4 Rxe4 23. Rxe4 Rxd3+ 24. Kc2 Rxg3 25. Rd4 c5 26.
Rd5 b6 27. Rg5 Rxg5 28. fxg5 Kd7 29. Re1 Nf4 30. Re3 Ne6 31. h4 Ke7 32. Kd2 Kf7
33. Ke1 Bc4 34. a3 Kg6 35. Kf2 Kf5 36. Kg3 b5 37. Re1 a5 38. Rd1 b4 39. cxb4
cxb4 40. axb4 axb4 41. Rd7 b3 42. Rf7+ Kg6 43. Rb7 Kf5 44. Rb4 Bd5 45. Rb5 Ke5
46. Kg4 Nd4 47. Rb8 Bf3+ 48. Kg3 Be4 49. Kg4 g6 50. Re8+ Ne6 51. Rb8 Nc5 52. h5
Nb7 53. hxg6 hxg6 54. Re8+ Kd5 55. Rb8 Kd4 56. Ra8 b2 57. Ra4+ Kc5 58. Rxe4
b1=Q 0-1

[Event "Interclubs Adultes"]
[Site "?"]
[Date "2004.04.04"]
[Round "7.2"]
[White "Mercier, Jean-Yves"]
[Black "Uzel, Laurent"]
[Result "1/2-1/2"]
[WhiteElo "1770"]
[BlackElo "1760"]
[PlyCount "108"]
[EventDate "2004.??.??"]

1. d4 d5 2. c4 c6 3. Nf3 Nf6 4. Nc3 e6 5. e3 Bb4 6. a3 Bxc3+ 7. bxc3 O-O 8.
cxd5 cxd5 9. Bd3 b6 10. O-O Ba6 11. Re1 Bxd3 12. Qxd3 Nbd7 13. c4 Rc8 14. cxd5
Nxd5 15. Bd2 N5f6 16. Qb5 Ne4 17. Rac1 Nxd2 18. Nxd2 Nc5 19. dxc5 Qxd2 20. Rcd1
Rxc5 21. Qxc5 Qxe1+ 22. Rxe1 bxc5 23. Rc1 Rc8 24. Rc4 f5 25. Kf1 Kf7 26. Ke2 e5
27. Kd2 a6 28. Kc3 Ke6 29. Rh4 h6 30. Kc4 Kd6 31. Rh3 Rf8 32. f4 exf4 33. exf4
Re8 34. Rd3+ Kc6 35. g3 Re4+ 36. Kc3 Ra4 37. Kb2 Re4 38. Rd2 Rd4 39. Re2 Re4
40. Rd2 Rd4 41. Re2 g6 42. Kc3 Re4 43. Rd2 Re3+ 44. Kb2 c4 45. Rd8 Re2+ 46. Kc3
Rxh2 47. Kxc4 Rh3 48. Rd3 h5 49. Kd4 h4 50. Rc3+ Kd6 51. gxh4 Rxc3 52. Kxc3 Kd5
53. Kd3 a5 54. a4 Kc5 1/2-1/2

[Event "Interclubs Adultes"]
[Site "?"]
[Date "2004.04.04"]
[Round "7.3"]
[White "Tissot, Fabien"]
[Black "Chapus, Norbert"]
[Result "1/2-1/2"]
[WhiteElo "1750"]
[BlackElo "1770"]
[PlyCount "104"]
[EventDate "2004.??.??"]

1. d4 d5 2. c4 c6 3. cxd5 cxd5 4. Nc3 Nf6 5. Nf3 Nc6 6. Bg5 e6 7. e3 Be7 8. Rc1
a6 9. Bd3 O-O 10. O-O Bd7 11. a3 Rc8 12. Ne5 b5 13. Bxf6 Bxf6 14. f4 Qe7 15.
Rf3 g6 16. Rh3 Kg7 17. Ne2 Na5 18. Rxc8 Rxc8 19. Ng3 Kg8 20. Qg4 Nc4 21. Rh6
Nxe5 22. fxe5 Bg7 23. Rh3 f5 24. Qd1 Be8 25. Ne2 Qc7 26. Rf3 Bf7 27. Rf1 Bh6
28. Nf4 Kg7 29. Rf2 Qc1 30. Qxc1 Rxc1+ 31. Rf1 Bxf4 32. exf4 Rc6 33. Kf2 Kf8
34. Ke2 Ke7 35. Kd2 Kd7 36. Rc1 Rxc1 37. Kxc1 Kc6 38. Kd2 Kd7 39. Kc3 Kc6 40.
a4 Kb6 41. Kb4 a5+ 42. Kb3 b4 43. Kc2 Kc6 44. Bb5+ Kc7 45. Kd2 Kd8 46. Ke2 Ke7
47. Kf3 Be8 48. Bxe8 Kxe8 49. Kg3 Kf7 50. Kh4 Kg7 51. g4 Kh6 52. gxf5 gxf5
1/2-1/2

[Event "Interclubs Adultes"]
[Site "?"]
[Date "2004.04.04"]
[Round "7.4"]
[White "Tourette, Yvan"]
[Black "Couquet, Cyril"]
[Result "1/2-1/2"]
[WhiteElo "1790"]
[BlackElo "1720"]
[PlyCount "101"]
[EventDate "2004.??.??"]

1. d4 d5 2. e4 e6 3. Be3 dxe4 4. Nd2 Nf6 5. f3 exf3 6. Ngxf3 Be7 7. Bd3 Nd5 8.
Qe2 Nd7 9. O-O Nxe3 10. Qxe3 c5 11. Ne4 cxd4 12. Qxd4 O-O 13. Kh1 f5 14. Ng3
Bf6 15. Qc4 Nb6 16. Qb3 Qd5 17. c4 Qc5 18. Qc2 Bd7 19. Rae1 Rad8 20. Nh5 Bd4
21. b4 Qxb4 22. Nxd4 Ba4 23. Nb3 Rc8 24. Qb2 Rf7 25. Rxe6 Nxc4 26. Bxc4 Rxc4
27. Re8+ Bxe8 28. Qe2 Re4 29. Qc2 Qc4 30. Qf2 f4 31. Nd2 Qd4 32. Nxe4 Qxf2 33.
Rxf2 Rc7 34. g4 Bc6 35. Rxf4 Re7 36. Nhg3 g5 37. Rf2 Bxe4+ 38. Nxe4 Rxe4 39.
Rc2 Re7 40. Kg2 Kg7 41. Kf2 Kf6 42. Kf3 Ke6 43. Ke4 Kf6+ 44. Kf3 Rd7 45. Ke4
Ke6 46. Ke3 Rf7 47. Rc8 Re7 48. Kd4 Rd7+ 49. Ke3 Re7 50. Kd4 Rd7+ 51. Ke3
1/2-1/2

[Event "Interclubs Adultes"]
[Site "?"]
[Date "2004.04.04"]
[Round "7.5"]
[White "Malabave, Gabriel"]
[Black "Cruzille, Jean"]
[Result "1/2-1/2"]
[WhiteElo "1670"]
[BlackElo "1670"]
[PlyCount "100"]
[EventDate "2004.??.??"]

1. e4 e5 2. Nf3 Nc6 3. Bb5 Bb4 4. c3 Ba5 5. O-O Nge7 6. d4 a6 7. Ba4 b5 8. Bc2
exd4 9. cxd4 d5 10. e5 Bf5 11. a3 O-O 12. b4 Bb6 13. Be3 Qd7 14. Nbd2 Bxc2 15.
Qxc2 Nf5 16. Nb3 Nxe3 17. fxe3 f6 18. exf6 Rxf6 19. Ng5 Rxf1+ 20. Rxf1 g6 21.
Rf7 Qg4 22. Nf3 Kxf7 23. Qxc6 Re8 24. Qxd5+ Kg7 25. h3 Qe6 26. Qe5+ Qxe5 27.
Nxe5 Re7 28. Kf2 Kf6 29. Nc6 Re6 30. Nd8 Re8 31. Nc6 Kf5 32. g4+ Ke4 33. Nd2+
Kd5 34. Ne5 Ke6 35. Ndf3 Rf8 36. Ke2 Kd5 37. Kd3 Ke6 38. Ng5+ Kd6 39. Nef7+ Ke7
40. Ne5 Ke8 41. Nxh7 Rf1 42. Nxg6 Ra1 43. Ne5 Rxa3+ 44. Ke4 a5 45. g5 Ra1 46.
Nf6+ Kf8 47. bxa5 Bxa5 48. Kd5 Bd2 49. e4 Rh1 50. h4 b4 1/2-1/2

[Event "Interclubs Adultes"]
[Site "?"]
[Date "2004.04.04"]
[Round "7.6"]
[White "Demars, Laurent"]
[Black "Abdou Issaka, Boubacar"]
[Result "0-1"]
[WhiteElo "1660"]
[BlackElo "1640"]
[PlyCount "44"]
[EventDate "2004.??.??"]

1. f4 e5 2. fxe5 d6 3. exd6 Bxd6 4. Nf3 Nf6 5. d4 Ne4 6. Qd3 Qe7 7. Nc3 Nxc3 8.
bxc3 Nc6 9. e4 Bf5 10. Nd2 O-O 11. Be2 Bg6 12. O-O Rfe8 13. Qf3 f6 14. Bd3 Rad8
15. Re1 Kh8 16. Nc4 Qe6 17. d5 Ne5 18. Nxe5 Qxe5 19. Bb2 Qxh2+ 20. Kf2 Bc5+ 21.
Kf1 Bh5 22. Qh3 Qg1# 0-1

[Event "Interclubs Adultes"]
[Site "?"]
[Date "2004.04.04"]
[Round "7.7"]
[White "Parpillon, Georges"]
[Black "Martin, Denis"]
[Result "0-1"]
[WhiteElo "1630"]
[BlackElo "1499"]
[PlyCount "62"]
[EventDate "2004.??.??"]

1. e4 e5 2. Bc4 Nf6 3. d3 Be7 4. Ne2 d5 5. exd5 Nxd5 6. Nbc3 Nb6 7. Bb3 Nc6 8.
a3 Bg4 9. Be3 Qd7 10. O-O Be6 11. Rc1 O-O 12. Ne4 Bxb3 13. cxb3 Nd5 14. Bc5 Bd6
15. a4 f5 16. Nxd6 cxd6 17. Ba3 Rf6 18. Ng3 Rg6 19. Qf3 Nde7 20. Qd1 f4 21. Nh1
Qh3 22. g3 Rh6 23. Re1 Qxh2+ 24. Kf1 Nd4 25. Qf3 Nxf3 26. Ke2 Nd4+ 27. Kd2 fxg3
28. Nxg3 Nf3+ 29. Ke2 Nxe1 30. Rxe1 Nd5 31. Rh1 Nf4+ 0-1

[Event "Interclubs Adultes"]
[Site "?"]
[Date "2004.04.04"]
[Round "7.8"]
[White "Tourette, Remi"]
[Black "Benedic, Patrick"]
[Result "0-1"]
[WhiteElo "1530"]
[BlackElo "1450"]
[PlyCount "40"]
[EventDate "2004.??.??"]

1. e4 e5 2. Nf3 Nc6 3. Bc4 Bc5 4. c3 Nf6 5. O-O d6 6. d3 h6 7. h3 O-O 8. Re1
Be6 9. Bxe6 fxe6 10. Qb3 Qc8 11. Nbd2 Rb8 12. Qd1 Nh7 13. Nb3 Bb6 14. Nh4 Bxf2+
15. Kh1 Bxh4 16. Rf1 Rxf1+ 17. Qxf1 Qf8 18. Qe2 Bg5 19. Bxg5 Nxg5 20. Rf1 Qe7
0-1

[Event "Interclubs Adultes"]
[Site "?"]
[Date "2004.04.04"]
[Round "7.1"]
[White "Guedon, Stephane"]
[Black "Billiard, Bernard"]
[Result "1/2-1/2"]
[WhiteElo "2209"]
[BlackElo "2200"]
[PlyCount "37"]
[EventDate "2004.??.??"]

1. e4 c5 2. Nf3 e6 3. d4 cxd4 4. Nxd4 a6 5. Bd3 Qc7 6. O-O Nf6 7. Qe2 d6 8. c4
Be7 9. Nc3 Nc6 10. Be3 Ne5 11. h3 Bd7 12. Rac1 O-O 13. b3 Nxd3 14. Qxd3 Rfc8
15. f4 Qa5 16. Bd2 Qc5 17. Be3 Qa5 18. Bd2 Qc5 19. Be3 1/2-1/2

[Event "Interclubs Adultes"]
[Site "?"]
[Date "2004.04.04"]
[Round "7.2"]
[White "Vuiton, Stephane"]
[Black "Lux, Gregory"]
[Result "1-0"]
[WhiteElo "2082"]
[BlackElo "2064"]
[PlyCount "89"]
[EventDate "2004.??.??"]

1. d4 Nf6 2. Nf3 b6 3. g3 Bb7 4. Bg2 d6 5. c4 Nbd7 6. Nc3 c5 7. d5 g6 8. O-O
Bg7 9. Re1 O-O 10. h3 a6 11. a4 Qc7 12. e4 Ne8 13. Bg5 Ne5 14. Nxe5 dxe5 15.
Qd2 Nd6 16. b3 a5 17. Ra2 Rad8 18. f4 h6 19. Bh4 Kh7 20. g4 Ba6 21. Bg3 Nc8 22.
f5 g5 23. h4 Bf6 24. Qf2 Qd6 25. Bf3 Rg8 26. Qh2 gxh4 27. Bxh4 Bxh4 28. Qxh4
Rg5 29. Rh2 Kg7 30. Kf2 Rh8 31. Ne2 Qf6 32. Reh1 Nd6 33. Ng3 Kf8 34. Nh5 Rxh5
35. Qxh5 e6 36. g5 Qd8 37. fxe6 fxe6 38. Qg6 Nf7 39. gxh6 Rg8 40. Qh5 exd5 41.
h7 Rh8 42. cxd5 c4 43. Be2 Qd6 44. Rf1 b5 45. Kg1 1-0

[Event "Interclubs Adultes"]
[Site "?"]
[Date "2004.04.04"]
[Round "7.3"]
[White "Sellami, Mohamed"]
[Black "Griottier, Pierre-Yves"]
[Result "1-0"]
[WhiteElo "2120"]
[BlackElo "1780"]
[PlyCount "69"]
[EventDate "2004.??.??"]

1. e4 e5 2. Nf3 Nf6 3. Nxe5 d6 4. Nf3 Nxe4 5. d4 d5 6. Bd3 Bg4 7. h3 Bh5 8. O-O
Be7 9. c4 O-O 10. Nc3 Nf6 11. Re1 Nc6 12. g4 Bg6 13. Bxg6 fxg6 14. Ng5 Qd7 15.
Ne6 Rf7 16. g5 dxc4 17. gxf6 Bxf6 18. d5 Nb4 19. Re4 b5 20. a4 Bxc3 21. bxc3
Nxd5 22. Qd4 Re8 23. Ng5 Rxe4 24. Nxe4 Rf3 25. Ng5 Rd3 26. Qxa7 Rd1+ 27. Kg2
Qd8 28. axb5 Nxc3 29. Qb7 Qe8 30. Bb2 Rxa1 31. Bxa1 Nxb5 32. Qd5+ Kf8 33. Nxh7+
Ke7 34. Bxg7 c6 35. Bf6# 1-0

[Event "Interclubs Adultes"]
[Site "?"]
[Date "2004.04.04"]
[Round "7.4"]
[White "Kizilian, Emmanuel"]
[Black "Monneret, Guy"]
[Result "1-0"]
[WhiteElo "1860"]
[BlackElo "2019"]
[PlyCount "79"]
[EventDate "2004.??.??"]

1. Nf3 Nf6 2. c4 b6 3. g3 Bb7 4. d4 e6 5. Bg2 Bb4+ 6. Bd2 Be7 7. O-O O-O 8. Bc3
Ne4 9. Qc2 Nxc3 10. Nxc3 d6 11. Ng5 Bxg5 12. Bxb7 Nd7 13. Bxa8 Qxa8 14. e4 Bf6
15. Rad1 a6 16. Rfe1 Qb7 17. a4 a5 18. f4 g6 19. e5 Be7 20. Qg2 Qc8 21. Nb5 d5
22. cxd5 exd5 23. Rc1 c5 24. Qxd5 Rd8 25. Qe4 Nf8 26. d5 Re8 27. Red1 Qg4 28.
Kg2 Bd8 29. h3 Qd7 30. Qf3 h5 31. b3 Nh7 32. Rc3 Be7 33. Re3 Bf8 34. Qe4 Bg7
35. Qd3 Nf8 36. Rde1 Bh6 37. R3e2 h4 38. Qf3 hxg3 39. Kxg3 Qf5 40. Nd6 1-0

[Event "Interclubs Adultes"]
[Site "?"]
[Date "2004.04.04"]
[Round "7.5"]
[White "Ivanov, Tsewov-Grisha"]
[Black "Berthelot, Pascal"]
[Result "1-0"]
[WhiteElo "2030"]
[BlackElo "1660"]
[PlyCount "67"]
[EventDate "2004.??.??"]

1. f4 d5 2. Nf3 Nf6 3. c4 dxc4 4. Nc3 e6 5. e4 Be7 6. Bxc4 O-O 7. d4 c6 8. Qb3
b5 9. Bd3 Bb7 10. e5 Ne8 11. Qc2 g6 12. h4 c5 13. Be4 Qb6 14. h5 Bxe4 15. Qxe4
Ng7 16. hxg6 hxg6 17. d5 b4 18. Na4 Qb7 19. Qc2 Qxd5 20. Be3 Nf5 21. Qf2 Qe4
22. Ke2 Nxe3 23. Qxe3 Qc2+ 24. Nd2 c4 25. Rh2 Rd8 26. Rah1 g5 27. Rh8+ Kg7 28.
Rxd8 Bxd8 29. fxg5 Qf5 30. Ne4 Nc6 31. g6 Qg4+ 32. Kf2 Nxe5 33. Qh6+ Kg8 34.
Qh8# 1-0

[Event "Interclubs Adultes"]
[Site "?"]
[Date "2004.04.04"]
[Round "7.6"]
[White "Baud, Antoine"]
[Black "Picot, Brice"]
[Result "0-1"]
[WhiteElo "1620"]
[BlackElo "1860"]
[PlyCount "76"]
[EventDate "2004.??.??"]

1. e4 c6 2. d4 d5 3. exd5 cxd5 4. Nf3 Nc6 5. Bf4 Qb6 6. b3 Bf5 7. Bd3 Bxd3 8.
Qxd3 e6 9. c3 Nge7 10. O-O Ng6 11. Bg3 Be7 12. Re1 O-O 13. Nbd2 Rfc8 14. Rac1
a6 15. Kh1 Qd8 16. Qe3 Bf6 17. Nb1 Nce7 18. Ng5 Bxg5 19. Qxg5 Nf5 20. Qxd8+
Rxd8 21. Bc7 Rdc8 22. Ba5 Rc6 23. Red1 Nd6 24. g3 Nf8 25. Bb4 Ne4 26. Kg2 Rac8
27. f3 Nd6 28. Bxd6 Rxd6 29. c4 dxc4 30. Rxc4 Rdc6 31. Rdc1 Rxc4 32. Rxc4 Rd8
33. Kf2 Rd7 34. Ke3 f6 35. Nc3 Ng6 36. a4 Ne7 37. b4 Kf7 38. Ke4 Nf5 0-1

[Event "Interclubs Adultes"]
[Site "?"]
[Date "2004.04.04"]
[Round "7.7"]
[White "Grasset, Didier"]
[Black "Robinet, Olivier"]
[Result "1-0"]
[WhiteElo "1780"]
[BlackElo "1650"]
[PlyCount "123"]
[EventDate "2004.??.??"]

1. e4 d6 2. d4 Nf6 3. Nc3 g6 4. f4 Bg7 5. Nf3 c5 6. d5 Qa5 7. Bb5+ Nbd7 8. O-O
a6 9. Bd3 O-O 10. Bd2 Qb6 11. Bc4 Qa7 12. Re1 b5 13. Bf1 b4 14. Na4 Nb6 15.
Nxb6 Qxb6 16. Bc4 Bg4 17. h3 Bd7 18. Rb1 e6 19. dxe6 Bxe6 20. Bxe6 fxe6 21. g3
Qc6 22. Qe2 Nd7 23. Qc4 d5 24. exd5 exd5 25. Qf1 a5 26. Ng5 Bd4+ 27. Kh2 Rae8
28. b3 Bf6 29. Rxe8 Rxe8 30. Re1 Rf8 31. Re6 Qc8 32. Qe1 c4 33. Bc1 Nc5 34. Re2
Bxg5 35. fxg5 Qf5 36. Bf4 Ne4 37. bxc4 Nxg5 38. Bxg5 Qxg5 39. c5 Qf5 40. Qd2
Qd7 41. Qd4 Rf5 42. Re5 Rxe5 43. Qxe5 Kf7 44. Qe2 Qc6 45. Qe3 Qe6 46. Qf4+ Ke7
47. Qc7+ Qd7 48. Qxa5 Qf5 49. Qc7+ Kf6 50. Qd6+ Qe6 51. Qf4+ Ke7 52. Qd2 Qe4
53. Qd3 Qxd3 54. cxd3 d4 55. Kg2 Ke6 56. Kf3 Kd5 57. c6 Kxc6 58. Ke4 Kc5 59. g4
h6 60. h4 g5 61. h5 Kb5 62. Kxd4 1-0

[Event "Interclubs Adultes"]
[Site "?"]
[Date "2004.04.04"]
[Round "7.8"]
[White "Mosticone, David"]
[Black "Peyclit, Noel"]
[Result "1-0"]
[WhiteElo "1620"]
[BlackElo "1220"]
[PlyCount "93"]
[EventDate "2004.??.??"]

1. c4 e5 2. Nc3 Nc6 3. g3 Nf6 4. Bg2 Bc5 5. Nf3 d6 6. O-O Be6 7. d3 O-O 8. e4
h6 9. Nd5 Bg4 10. h3 Bxf3 11. Qxf3 Nd4 12. Nxf6+ Qxf6 13. Qxf6 gxf6 14. Bxh6
Rfe8 15. Rab1 a5 16. Kh2 Kh7 17. Be3 Ne6 18. a3 Rg8 19. Rbd1 Rg6 20. Bxc5 dxc5
21. Bf3 Nd4 22. Bg4 Kg7 23. f4 Rh8 24. Kg2 Nc2 25. Kf3 Nd4+ 26. Ke3 f5 27. exf5
Nxf5+ 28. Bxf5 Rxg3+ 29. Rf3 exf4+ 30. Kxf4 Rg2 31. Rg3+ Rxg3 32. Kxg3 Rg8 33.
Kf4 Kf6 34. Rd2 Rg5 35. Bg4 Kg6 36. Re2 Kh6 37. Re7 Kg6 38. h4 Kf6 39. Rxf7+
Kxf7 40. Kxg5 Kg7 41. h5 Kh7 42. Bf5+ Kh8 43. Bg6 c6 44. Kf6 a4 45. Ke6 b5 46.
Kd6 bxc4 47. dxc4 1-0

[Event "Interclubs Adultes"]
[Site "?"]
[Date "2004.04.04"]
[Round "7.1"]
[White "Deville, Olivier"]
[Black "Bislimi, Agron"]
[Result "1-0"]
[WhiteElo "2040"]
[BlackElo "2100"]
[PlyCount "115"]
[EventDate "2004.??.??"]

1. Nf3 g6 2. c4 Bg7 3. Nc3 Nf6 4. e4 d6 5. d4 O-O 6. Be2 Nbd7 7. O-O e5 8. Be3
Ng4 9. Bg5 f6 10. Bd2 f5 11. h3 Ngf6 12. exf5 gxf5 13. dxe5 dxe5 14. c5 Kh8 15.
b4 f4 16. Qb3 Nh5 17. Ne4 Ndf6 18. Neg5 Nd5 19. Rad1 c6 20. Ne4 Qe8 21. Bd3
Nhf6 22. Nd6 Qh5 23. Rfe1 e4 24. Bxe4 Nxe4 25. Nxe4 Rg8 26. Kh2 Bf5 27. Nd6 Bf6
28. Nxf5 Qxf5 29. Qb1 Qh5 30. Qe4 Rae8 31. Qc4 Rxg2+ 32. Kxg2 Rg8+ 33. Kh2 Qxf3
34. Qf1 Bd4 35. Re2 Nf6 36. Rde1 Rg4 37. hxg4 Nxg4+ 38. Kg1 Nxf2 39. Rxf2 Qg3+
40. Qg2 Bxf2+ 41. Kf1 Bxe1 42. Bxe1 Qd3+ 43. Kg1 f3 44. Qg4 Qd1 45. Qe4 Kg7 46.
Kf2 Qe2+ 47. Qxe2 fxe2 48. Kxe2 Kf6 49. Kd3 Ke6 50. Ke4 h5 51. Bh4 Kd7 52. Ke5
Kc7 53. Ke6 Kb8 54. Kd7 a6 55. Bg3+ Ka7 56. Kc7 a5 57. bxa5 Ka8 58. Kb6 1-0

[Event "Interclubs Adultes"]
[Site "?"]
[Date "2004.04.04"]
[Round "7.2"]
[White "Gingene, Eric"]
[Black "Valet, Godeffroy"]
[Result "0-1"]
[WhiteElo "2066"]
[BlackElo "1960"]
[PlyCount "84"]
[EventDate "2004.??.??"]

1. d4 e6 2. c4 Nf6 3. Nc3 Bb4 4. Nf3 O-O 5. e3 Nc6 6. Bd3 d6 7. O-O e5 8. d5
Ne7 9. Qc2 Bxc3 10. bxc3 Bg4 11. Nd2 Qd7 12. e4 Ng6 13. f3 Bh5 14. g4 Nxg4 15.
fxg4 Qxg4+ 16. Kh1 Nf4 17. Nf3 Qh3 18. Nxe5 dxe5 19. Bxf4 Bf3+ 20. Kg1 exf4 21.
e5 g6 22. Rf2 Rfe8 23. Re1 Re7 24. Bf1 Qg4+ 25. Bg2 Bxg2 26. Rxg2 Qh5 27. Qe4
Rae8 28. Qxf4 Rxe5 29. Rf1 f5 30. c5 Rxd5 31. Qxc7 Rd1 32. Qf4 Rxf1+ 33. Qxf1
Re4 34. h3 f4 35. Qd3 Qxc5+ 36. Kh2 Qe7 37. Qd1 Re6 38. Rd2 Qf7 39. Rd7 Re7 40.
Rd8+ Re8 41. Rd7 Qxa2+ 42. Kg1 f3 0-1

[Event "Interclubs Adultes"]
[Site "?"]
[Date "2004.04.04"]
[Round "7.3"]
[White "Graillon, David"]
[Black "Marmey, Cedric"]
[Result "1-0"]
[WhiteElo "1992"]
[BlackElo "1940"]
[PlyCount "59"]
[EventDate "2004.??.??"]

1. e4 e5 2. Bc4 d6 3. Nf3 Be7 4. d4 Nd7 5. O-O c6 6. Nc3 Ngf6 7. Bg5 b5 8. Bd3
Bb7 9. Re1 O-O 10. a4 b4 11. Ne2 a5 12. Ng3 h6 13. Bd2 Re8 14. Nf5 Bf8 15. c4
exd4 16. N3xd4 Nc5 17. Bf4 Nxd3 18. Qxd3 c5 19. Nb5 Bxe4 20. Qh3 Bxf5 21. Qxf5
Ra6 22. Rxe8 Nxe8 23. Rd1 g6 24. Qxc5 dxc5 25. Rxd8 Ng7 26. Bxh6 Ne6 27. Rc8
Rb6 28. Bxf8 Nxf8 29. Rxc5 Re6 30. Kf1 1-0

[Event "Interclubs Adultes"]
[Site "?"]
[Date "2004.04.04"]
[Round "7.4"]
[White "Pardon, Francois"]
[Black "Bron, Philippe"]
[Result "0-1"]
[WhiteElo "1940"]
[BlackElo "1790"]
[PlyCount "66"]
[EventDate "2004.??.??"]

1. d4 Nf6 2. c4 g6 3. Nc3 d5 4. e3 Bg7 5. Bd3 O-O 6. Nge2 c5 7. O-O cxd4 8.
exd4 Nc6 9. Bg5 Nb4 10. c5 b6 11. Bb5 Bd7 12. a3 Bxb5 13. axb4 Qd7 14. Re1 e6
15. Bf4 Rfc8 16. Nc1 a5 17. bxa5 bxc5 18. dxc5 Rxc5 19. Be3 Rc4 20. Qb3 Ba6 21.
Bb6 Bf8 22. Nd3 Rb8 23. Ne5 Qd6 24. Nxc4 Bxc4 25. Qa4 Ng4 26. g3 Rxb6 27. axb6
Qxb6 28. Qa7 Qxb2 29. Nd1 Qd2 30. Re3 d4 31. Rf3 Qe1+ 32. Kg2 f5 33. Qxd4 Bf1+
0-1

[Event "Interclubs Adultes"]
[Site "?"]
[Date "2004.04.04"]
[Round "7.5"]
[White "Barthelemy, Jerome"]
[Black "Maillet, Patrice"]
[Result "0-1"]
[WhiteElo "1510"]
[BlackElo "1800"]
[PlyCount "114"]
[EventDate "2004.??.??"]

1. c4 c5 2. Nf3 Nf6 3. d4 e6 4. Nc3 d5 5. cxd5 Nxd5 6. e4 cxd4 7. Nxd5 exd5 8.
exd5 Qxd5 9. Qxd4 Be6 10. Qxd5 Bxd5 11. Bb5+ Nc6 12. O-O O-O-O 13. Bxc6 Bxc6
14. Ne5 Bd5 15. Be3 Bd6 16. Nf3 Kb8 17. Rfd1 Bc6 18. Nd4 Bd7 19. Rac1 h5 20. h4
Bg4 21. f3 Bd7 22. Nb3 Ba4 23. Kf2 Rhe8 24. Rxd6 Rxd6 25. Bf4 Red8 26. Rd1 Kc7
27. Bxd6+ Rxd6 28. Rxd6 Kxd6 29. Ke3 Kd5 30. Kd3 f6 31. g3 Bb5+ 32. Kd2 b6 33.
Ke3 Bc4 34. g4 hxg4 35. fxg4 a5 36. Kf4 Bd3 37. Nd2 b5 38. a3 Bc2 39. b3 Kd4
40. b4 axb4 41. axb4 Kc3 42. Ne4+ Bxe4 43. Kxe4 Kxb4 44. Kf5 Kc4 45. Kg6 b4 46.
Kxg7 b3 47. h5 b2 48. h6 b1=Q 49. h7 Qb7+ 50. Kg8 Qc8+ 51. Kf7 Qh8 52. Kg6 Kd5
53. Kf5 Qxh7+ 54. Kxf6 Ke4 55. Kg5 Qg7+ 56. Kh4 Kf4 57. Kh3 Qxg4+ 0-1

[Event "Interclubs Adultes"]
[Site "?"]
[Date "2004.04.04"]
[Round "7.6"]
[White "Coez, Thierry"]
[Black "Chabas, Jean-Luc"]
[Result "1/2-1/2"]
[WhiteElo "1740"]
[BlackElo "1580"]
[PlyCount "114"]
[EventDate "2004.??.??"]

1. d4 d5 2. Nf3 Nf6 3. c4 c6 4. Qc2 Bg4 5. Bf4 Bh5 6. e3 Bg6 7. Bd3 Bxd3 8.
Qxd3 e6 9. O-O Be7 10. Nbd2 O-O 11. c5 Nbd7 12. b4 Re8 13. h3 Qc8 14. a4 Bd8
15. b5 Bc7 16. Bxc7 Qxc7 17. a5 Qb8 18. Rfb1 Qc8 19. Rb2 Rb8 20. Rab1 Re7 21.
Qc2 h6 22. Qa4 Ne4 23. Nxe4 dxe4 24. Nd2 Nf6 25. Nc4 Nd5 26. Nd6 Qc7 27. Qa3
Rd7 28. Nxe4 Ne7 29. b6 axb6 30. axb6 Qd8 31. Ra1 Qf8 32. Qb3 Nd5 33. Ra7 Kh8
34. Rba2 Kg8 35. R2a3 Kh7 36. R3a4 Qe7 37. Ra8 Rxa8 38. Rxa8 e5 39. dxe5 Qxe5
40. Nd6 h5 41. Qc2+ g6 42. Re8 Re7 43. Rb8 Nxe3 44. fxe3 Qxe3+ 45. Qf2 Qc3 46.
Rxb7 Re1+ 47. Kh2 Qe5+ 48. Qg3 Rh1+ 49. Kxh1 Qxg3 50. Rxf7+ Kg8 51. Re7 Qf4 52.
b7 Qf1+ 53. Kh2 Qf4+ 54. Kg1 Qd4+ 55. Kh2 Qf4+ 56. g3 Qf2+ 57. Kh1 Qf1+ 1/2-1/2

[Event "Interclubs Adultes"]
[Site "?"]
[Date "2004.04.04"]
[Round "7.7"]
[White "Mialon, Franck"]
[Black "Del Guidice, Thomas"]
[Result "0-1"]
[WhiteElo "1290"]
[BlackElo "1630"]
[PlyCount "52"]
[EventDate "2004.??.??"]

1. e4 e5 2. f4 Bc5 3. Nf3 Nc6 4. c3 d6 5. fxe5 dxe5 6. Bc4 Nf6 7. Ng5 O-O 8. b4
Bb6 9. b5 Na5 10. Qe2 Nxc4 11. Qxc4 h6 12. Nf3 Be6 13. Qe2 Qd6 14. Na3 Qc5 15.
d4 Qxc3+ 16. Qd2 Qxa1 17. O-O Qxa2 18. Qd3 Qb3 19. Qe2 Bxd4+ 20. Nxd4 exd4 21.
e5 Nd5 22. Rf3 Nc3 23. Qd3 Qd1+ 24. Qxd1 Nxd1 25. Rg3 Kh7 26. h4 Rad8 0-1

[Event "Interclubs Adultes"]
[Site "?"]
[Date "2004.04.04"]
[Round "7.8"]
[White "Boutin, Bernard"]
[Black "Janisset, Franck"]
[Result "1-0"]
[WhiteElo "1499"]
[BlackElo "1099"]
[PlyCount "59"]
[EventDate "2004.??.??"]

1. e4 e5 2. Nf3 Nc6 3. Bb5 a6 4. Ba4 Nf6 5. d3 b5 6. Bb3 d5 7. Nc3 Be6 8. Ng5
Qd7 9. O-O Be7 10. Nxe6 Qxe6 11. exd5 Qd7 12. dxc6 Qxc6 13. a3 b4 14. Ba4 bxc3
15. Bxc6+ Nd7 16. Bxa8 O-O 17. Bc6 Nf6 18. bxc3 h6 19. Re1 Bd6 20. c4 Nh7 21.
Bb2 f6 22. Bd5+ Kh8 23. Qh5 Ng5 24. h4 Nh7 25. Qg6 f5 26. f4 Bc5+ 27. Kh1 Bf2
28. Bxe5 Rg8 29. Qf7 Rb8 30. Qxg7# 1-0

[Event "Interclubs Adultes"]
[Site "?"]
[Date "2004.04.04"]
[Round "7.1"]
[White "Dziri, Pierre"]
[Black "Martin, Luc"]
[Result "1/2-1/2"]
[WhiteElo "1740"]
[BlackElo "2070"]
[PlyCount "48"]
[EventDate "2004.??.??"]

1. e4 e5 2. Nf3 Nf6 3. Nxe5 Qe7 4. Nf3 Qxe4+ 5. Be2 Nc6 6. Nc3 Qg6 7. O-O Be7
8. d4 Qf5 9. Bd3 Qa5 10. Bd2 O-O 11. Nb5 Qb6 12. c4 d6 13. Be3 Ng4 14. Bf4 Bd7
15. c5 dxc5 16. Bxc7 Qa6 17. Na3 b5 18. dxc5 Bxc5 19. Bxb5 Qc8 20. Bd6 Bxd6 21.
Qxd6 Qb7 22. Rad1 Rfd8 23. Rfe1 a6 24. Bxc6 Qxc6 1/2-1/2

[Event "Interclubs Adultes"]
[Site "?"]
[Date "2004.04.04"]
[Round "7.2"]
[White "Kiecken, Jean-Marc"]
[Black "Konieczny, Johan"]
[Result "1/2-1/2"]
[WhiteElo "2020"]
[BlackElo "1640"]
[PlyCount "91"]
[EventDate "2004.??.??"]

1. c4 Nf6 2. Nc3 c5 3. Nf3 e6 4. e4 d5 5. e5 Ne4 6. Qb3 Nxc3 7. bxc3 Nc6 8.
cxd5 exd5 9. Bb5 Be7 10. O-O Bf5 11. d4 O-O 12. Be3 c4 13. Qb2 Qc7 14. Ba4 a6
15. Bc2 Ba3 16. Qb1 Bxc2 17. Qxc2 Be7 18. Bg5 b5 19. Bxe7 Qxe7 20. a3 a5 21.
Qf5 Qe6 22. Qb1 Rab8 23. Ng5 Qg6 24. f4 Qxb1 25. Raxb1 h6 26. Nf3 b4 27. axb4
axb4 28. f5 bxc3 29. Rbc1 Rb3 30. Rfe1 Rfb8 31. e6 fxe6 32. fxe6 c2 33. Rxc2
Rb1 34. Rce2 Rxe1+ 35. Rxe1 c3 36. Rc1 Rb3 37. Kf1 Kf8 38. Ke2 Ke7 39. Kd3 Nb4+
40. Ke3 c2+ 41. Kd2 Rb1 42. Ne1 Kxe6 43. Nxc2 Rxc1 44. Kxc1 Nxc2 45. Kxc2 Kf5
46. Kd3 1/2-1/2